[Event "American Continental-ch 2018"]
[Site "Montevideo"]
[Date "2018.06.09"]
[Round "10"]
[White "Gauche, Charles"]
[Black "Di Berardino, Diego Rafael"]
[Result "0-1"]
[WhiteElo "2235"]
[BlackElo "2525"]
[Annotator "TA"]
[PlyCount "78"]
[EventDate "2018.??.??"]
[EventType "swiss"]
[EventCountry "URU"]
[SourceTitle "playchess.com"]
[Source "ChessBase"]
[SourceQuality "1"]

{[%evp 20,78,68,68,68,68,71,58,62,62,74,-10,-12,-6,0,-12,102,114,117,116,113,89,146,142,195,88,101,92,133,38,127,140,188,122,319,289,291,289,299,7,14,52,72,69,749,741,3559,3080,2810,2810,1838,0,0,0,23,-29994,-29995,-29999,0,-29980,29992]} 1. c4 g6 2. Nc3 Bg7 3. d4 {[%cal Bd2d4,Bd4d5][%mdl 32]} Nf6 4. e4 O-O 5. Be2 d6 6. Bg5 Na6 7. Qd2 e5 8. d5 Nc5 9. f3 a5 10. h4 h5 {E73: Königsindisch (Awerbach-Angriff)} 11. Nh3 {LiveBook: 3 Partien} c6 12. Nf2 cxd5 $146 {Weiß steht etwas besser.} ({Vorgänger:} 12... a4 13. Rb1 cxd5 14. cxd5 Bd7 15. O-O Qe8 16. b4 axb3 17. axb3 Nh7 18. Be3 {0-1 (38) Abatino,M (2275)-Cabrilo,G (2490) Cutro 1998}) 13. cxd5 Bd7 14. g4 hxg4 15. Nxg4 (15. fxg4 $16 b5 16. Bxb5) 15... Bxg4 $11 16. fxg4 b5 17. Bxb5 {zielt auf De2 ab.} Rb8 (17... Ncxe4 $11 {bleibt in der Remisbreite.} 18. Nxe4 Nxe4 19. Bxd8 Nxd2) 18. Qe2 $16 {Und weiter mit h5 wäre nett.} Qb6 19. Bxf6 Bxf6 20. g5 Bg7 ({Besser ist} 20... Be7) 21. h5 {[%cal Bh4h5,Bh5g6][%mdl 32]} f5 (21... gxh5 $16 {war angesagt.} 22. Qf3 (22. Qxh5 Rfc8 $16) (22. Rxh5 Na4 $16) 22... Rfc8) 22. gxf6 ({Schlechter ist} 22. hxg6 Nxe4 23. Nxe4 fxe4 $11) (22. h6 $1 $18 {[%cal Rh6g7]} Nxe4 23. hxg7 (23. Nxe4 fxe4 24. a4 Rf3 $11) 23... Kxg7 24. Nxe4 fxe4 25. a4) 22... Rxf6 23. hxg6 Rc8 24. Rd1 (24. Kd1 $16) 24... Rf4 {[#]} (24... Rxg6 $14 25. Kd2 Nd7) 25. Rd2 $1 Rcf8 26. Kd1 ({Günstiger ist} 26. Qh2 $18 {[%csl Gg6,Gh1][%cal Rh2h7]} R8f6 27. Rc2) 26... Rf2 $2 (26... R8f6 $16) 27. Qh5 {[%csl Gg6,Gh1][%cal Rh5h7]} Rxd2+ 28. Kxd2 {[%csl Gg6,Gh1][%cal Rh5h7]} Rf2+ 29. Kc1 $2 ({Der einzige Zug:} 29. Ke1 $18) 29... Nd3+ $1 $11 30. Kb1 Rxb2+ 31. Ka1 Rf2 $2 {[%mdl 8192]} (31... Rg2 $14 32. Rf1 Rf2 33. Qh7+ Kf8) 32. Qg4 $18 {Droht Matt per De6+.} Nc5 33. Qc8+ Rf8 34. Be8 {[%csl Gg6][%cal Re8f7]} Bh6 35. Bf7+ $2 (35. Qh3 $18 Qb4 36. Bf7+ Rxf7 37. gxf7+ Kxf7 38. Nb5) 35... Kg7 $11 36. Qh3 Rh8 37. Qf5 $2 {[%mdl 8192]} (37. Rb1 $11 Qa6 38. Nb5) 37... Bd2 {[%cal Rd2c3]} 38. Qc8 Bh6 $2 (38... Bxc3# {setzt Matt}) 39. Qc6 $2 {[%mdl 8192] [#]} (39. Qh3 $11) 39... Rf8 $4 {[%mdl 40960] Precision: Weiß = 30%, Schwarz = 29%. . Loss on Time!?} (39... Qb4 $1 40. Qb5 Bd2 41. Rh7+ Rxh7 42. Qxb4 Rh1+ 43. Kb2 axb4 44. Nb5 Bc3+ 45. Kc2 Rh2+ 46. Kb1 Nxe4 47. Be6 Kxg6 48. Bc8 Bd4 49. Bd7 Be3 50. Bc6 Nc3+ 51. Nxc3 bxc3 52. Be8+ Kf6 53. Ba4 Rb2+ 54. Ka1 e4 55. a3 Bd4 56. Bd1 e3 57. a4 c2 58. Bxc2 e2 59. Bh7 e1=Q+ 60. Bb1 Qxb1#) 0-1

[Event "American Continental-ch 2018"]
[Site "Montevideo"]
[Date "2018.06.09"]
[Round "10"]
[White "Fernandez, Maria Florencia"]
[Black "Terry, Renato"]
[Result "1-0"]
[WhiteElo "2203"]
[BlackElo "2503"]
[Annotator "TA"]
[PlyCount "117"]
[EventDate "2018.??.??"]
[EventType "swiss"]
[EventCountry "URU"]
[SourceTitle "playchess.com"]
[Source "ChessBase"]
[SourceQuality "1"]

{[%evp 20,117,47,45,47,55,56,48,41,36,38,0,12,25,26,0,0,0,0,0,0,-32,-16,-16,-16,-32,-31,-38,-38,-36,-37,-37,-37,-52,-51,-51,-52,-43,-31,-26,-30,-16,-8,-21,-15,-26,-13,-43,-12,-12,0,0,0,0,29,41,210,167,201,174,275,269,297,310,294,301,292,293,537,535,522,439,459,454,522,537,537,530,535,528,521,510,786,765,5302,888,29974,29979,29976,29978,29949,5102,1784,1295,1260,1238,1231,1158,1086,1093]} 1. d4 Nf6 2. c4 d6 3. Nf3 Nbd7 4. Nc3 e5 5. d5 Be7 6. e4 Nc5 {A53: Old Indian Defence without Nf3} 7. Qc2 a5 8. Be2 c6 9. Be3 Qc7 10. Nd2 O-O 11. O-O {LiveBook: 3 Games} Bd7 $146 ({Predecessor:} 11... Ng4 12. Bxg4 Bxg4 13. f3 Bd7 14. a3 a4 15. Bxc5 dxc5 16. Nxa4 cxd5 17. Nc3 d4 {0-1 (45) Merino Garcia,R-Gomez Esteban,J (2450) Spain 1993}) 12. Rfc1 Rfc8 13. Qd1 Qb8 14. a3 cxd5 15. Nxd5 (15. cxd5 {keeps more tension.} a4 16. f3 b5 17. Qf1 Ra5 18. Rab1) 15... Nxd5 16. cxd5 a4 17. Bxc5 Rxc5 18. Rxc5 dxc5 19. Nc4 {aiming for Nb6.} b5 20. Ne3 Ra6 21. Bg4 Be8 22. Rc1 g6 23. Qc2 c4 24. Qe2 Bc5 25. Nc2 Qd8 26. Rf1 h5 {[%cal Bh7h5,Bh5h4][%mdl 32]} 27. Bh3 $1 Qh4 28. Bc8 Rf6 29. g3 Qg5 30. Kg2 h4 31. Bh3 Kf8 32. Bc8 Rd6 33. Ne1 Qe7 34. Nf3 hxg3 35. hxg3 Qc7 36. Bg4 Ra6 37. Qd2 $36 {[%mdl 2048] And now Rh1 would win. White has the initiative.} Ke7 $2 (37... Kg8 $14) 38. Rh1 $1 $18 Kd8 39. Rh7 Qe7 (39... Be7 $142 40. Ng5 Bxg5 41. Qxg5+ Qe7) 40. Ng5 $1 {Black must now prevent Be6!} Qf6 {[#]} 41. f4 $1 Bd6 {[%cal Re5f4]} 42. Qc3 Bc7 {[#]} 43. Nf3 $1 {[%cal Rf4e5]} exf4 $2 (43... Ba5 44. Qxe5 Qxe5 45. Nxe5 (45. fxe5 c3 $14) 45... f6) 44. e5 Qe7 45. d6 Bxd6 46. exd6 Qxd6 47. Ne5 f6 {[#]} 48. Rd7+ $1 {[%mdl 512]} Bxd7 49. Nf7+ Ke7 50. Nxd6 Bxg4 (50... Rxd6 $142 51. Qe1+ (51. gxf4 Bxg4 52. Qe1+ Kf7 $17) 51... Kf7) 51. Nxb5 fxg3 52. Qxc4 (52. Qb4+ $142 Kf7 53. Qxc4+ Kg7 54. Qxg4) 52... f5 53. Qc7+ Kf6 54. Qd8+ Kg7 55. Kxg3 (55. Nc7 $142 Be2 56. Qe7+ Kh6 57. Qe3+ g5 58. Nxa6 Bc4 59. Qd4 Bg8 60. Qf6+ Kh7 61. Qxf5+ Kg7 62. Qxg5+ Kf8 63. Nc5) 55... Re6 {White is clearly winning.} 56. Qd4+ Kf7 57. Qxa4 g5 58. Qa7+ Kg6 59. Qd7 {Precision: White = 63%, Black = 38%.} 1-0

[Event "American Continental-ch 2018"]
[Site "Montevideo"]
[Date "2018.06.09"]
[Round "10"]
[White "Cabrera Pando, Ramiro"]
[Black "Slipak, Sergio"]
[Result "1/2-1/2"]
[WhiteElo "2196"]
[BlackElo "2420"]
[Annotator "TA"]
[PlyCount "154"]
[EventDate "2018.??.??"]
[EventType "swiss"]
[EventCountry "URU"]
[SourceTitle "playchess.com"]
[Source "ChessBase"]
[SourceQuality "1"]

{[%evp 10,154,33,33,45,51,59,60,71,40,33,29,47,48,46,38,77,66,64,71,79,48,59,13,0,0,31,31,43,43,45,44,90,90,83,70,120,107,117,106,121,102,108,114,132,139,148,135,143,149,217,66,78,33,92,77,110,110,108,4,6,0,115,115,128,110,168,102,135,110,128,116,114,52,127,127,195,195,195,195,195,195,195,195,195,195,195,195,195,195,276,190,190,190,281,190,1167,1167,745,190,190,190,190,190,919,145,1167,1153,29974,29975,29974,29975,29976,728,365,0,29977,29978,29978,29979,29978,29979,29979,29978,29974,365,365,365,365,365,365,365,365,365,365,48,48,48,48,48,48,28,32,28,48,0,36]} 1. d4 d5 2. c4 e6 3. Nc3 a6 4. cxd5 exd5 5. Qb3 (5. Nf3 Nf6 6. Bg5 Be6 7. e3 Nbd7 8. Bd3 Bd6 9. O-O c6 10. Bf4 Qc7 11. Bxd6 Qxd6 12. Qc2 {½-½ (12) Lenic,L (2659)-Berkes,F (2688) Velky Cetin 2018}) 5... Nc6 6. Nf3 {LiveBook: 10 Games. D31: Queen's Gambit Declined: Semi-Slav without ...Nf6 (+ Marshall Gambit and Noteboom) and Exchange Variation lines without ...Nf6} Nf6 7. Bg5 Bb4 $146 ({Predecessor:} 7... Be6 8. e3 Na5 9. Qc2 Be7 10. Bd3 h6 11. Bh4 O-O 12. O-O Rc8 13. Rad1 Nc4 {½-½ (39) Potkin,V (2574)-Timofeev,A (2549) Sochi 2017}) 8. e3 {White is slightly better.} Be6 9. Be2 h6 10. Bh4 g5 11. Bg3 Ne4 12. Ne5 Nxg3 13. Nxc6 bxc6 14. hxg3 Rb8 15. Bxa6 c5 16. Be2 (16. dxc5 $5 {[%cal Re1c1]} c6 17. Qc2 $14) 16... cxd4 17. exd4 c5 18. O-O $36 {[%mdl 2048] White has the initiative.} O-O 19. Nb5 Qe7 $1 20. dxc5 Bxc5 21. a4 {[%cal Ba2a4,Ba4a5,Ba5a6][%mdl 32]} Rfc8 22. Qf3 Qd7 23. Rfd1 Bf8 24. Qd3 Bg7 25. Rd2 Qe7 26. a5 Bd7 27. Nd4 Qf6 28. a6 Rb4 {[%cal Rb4d4]} 29. Rad1 Ra8 (29... Bf8 $16 30. b3 Kg7) 30. Qf3 $2 (30. Nc2 $1 $18 {[%cal Rc2b4]} Rxb2 31. Qxd5) 30... Qxf3 $14 31. Nxf3 (31. gxf3 {looks sharper.} Rb6 32. Rc2 Bc8 33. a7 Bxd4 34. Rxd4 Ba6 35. Bxa6 Rxa6 36. b4) 31... Be6 (31... Ba4 $14) 32. Nd4 $16 Bxd4 33. Rxd4 Rxb2 34. R1d2 (34. R4d2 $16 Rxd2 35. Rxd2) 34... Rb1+ $11 35. Rd1 ({Better is} 35. Kh2 $11) 35... Rb2 $1 $16 {[%cal Rb2e2]} 36. R4d2 Rb6 37. Ra1 Ra7 (37... g4 $16 {was necessary.} 38. a7 h5) 38. f3 (38. Rdd1 $18) 38... Kf8 39. Kf2 Rb3 40. Ra5 Ke7 41. Rb5 ({White should try} 41. g4 $16) 41... Rxb5 (41... Ra3 $1 $14) 42. Bxb5 $14 {[%mdl 4096] Endgame KRB-KRB} Bc8 (42... Kd6 $16) 43. Ke3 $18 (43. Rxd5 Bxa6 44. g4 Ke6 $11) 43... Bxa6 44. Ra2 (44. Rxd5 Bxb5 45. Rxb5 Ra2 $11) 44... Bxb5 45. Rxa7+ {KR-KB} Kf6 46. Rb7 Bf1 47. Rb6+ Kg7 48. Kf2 Bd3 49. g4 f6 (49... Bc4 $142 50. g3 Kh7) 50. g3 Bg6 51. Rd6 Bf7 (51... h5 {is a better defense.} 52. gxh5 (52. Rxd5 hxg4 53. Rd7+ Kf8 $18) 52... Bxh5 53. Rxd5 Be8) 52. Ke3 Bg8 $2 (52... h5 53. gxh5 Bxh5 54. Rxd5 Be8) 53. Kd4 Bf7 54. Kc5 $2 (54. Rb6 h5 55. gxh5 Bxh5 56. g4 (56. Kxd5 Bxf3+ 57. Kd4 f5 $11)) 54... h5 55. gxh5 Bxh5 56. g4 ({Weaker is} 56. Kxd5 Bxf3+ 57. Kd4 f5 $14) 56... Bf7 $2 (56... Bg6 57. Kxd5 Bf7+ 58. Ke4 Bg6+ 59. Kd5 Bf7+ 60. Ke4 Bg6+ 61. Kd5) 57. Kc6 $2 (57. Rb6 $18 {and the rest is easy.} Bg8 58. Rc6) 57... Bg8 $2 {[%mdl 8192]} (57... d4 $16 58. Kc5 (58. Rxd4 f5 $18) 58... Bb3 59. Kxd4 Kf7) 58. Kd7 f5 59. gxf5 Kf7 60. Kc6 Ke7 61. Rg6 (61. Kc5 $142 Ke8 62. Rg6 Bf7 63. Rxg5 Ke7 {[#]} 64. Rg6 $1 {[%mdl 512]} Kd7 65. Rg7 Ke8 66. Rxf7 $1 {[%mdl 512]} Kxf7 67. Kxd5) 61... Bf7 62. Rd6 $2 (62. Rh6 $18) 62... Bh5 $2 {[%mdl 8192]} (62... Bg8 $11 63. f6+ Ke8 64. Rxd5 Bh7 65. Rxg5 Bc2) 63. Kxd5 Bxf3+ 64. Ke5 Be2 65. f6+ Kf8 66. Kf5 Bc4 67. Rd7 $2 (67. Rd8+ {mates} Kf7 68. Rd7+ Ke8 69. Rc7 Bd5 70. Kg6 g4 71. f7+ Kd8 72. f8=Q+ Kxc7 73. Qc5+ Bc6 74. Kf5) 67... Bb3 68. Rc7 {Black must now prevent Kg6.} Ba2 69. Kxg5 Bb1 70. Kf4 Ba2 71. Ke5 Bb3 72. f7 $2 (72. Rc3 $18 Ba2 73. Ra3) 72... Kg7 $1 $14 73. Kf5 Bxf7 74. Kg5 Kg8 $1 75. Kh6 {Rc8+ is the strong threat.} Ba2 76. Kg6 {[%cal Rc7c8]} Bb1+ 77. Kh6 Ba2 {Precision: White = 50%, Black = 53%.} 1/2-1/2

[Event "American Continental-ch 2018"]
[Site "Montevideo"]
[Date "2018.06.09"]
[Round "10"]
[White "Madeira, Wagner Martins"]
[Black "Gemy, Jose Daniel"]
[Result "0-1"]
[WhiteElo "2171"]
[BlackElo "2393"]
[Annotator "TA"]
[PlyCount "142"]
[EventDate "2018.??.??"]
[EventType "swiss"]
[EventCountry "URU"]
[SourceTitle "playchess.com"]
[Source "ChessBase"]
[SourceQuality "1"]

{[%evp 14,142,31,31,91,2,5,0,-2,0,-7,0,23,0,11,16,16,9,6,8,7,4,17,0,0,0,0,0,0,0,0,0,0,-63,-50,-137,-127,-170,-154,-187,-181,-209,-174,-210,-183,-169,-152,-185,-183,-193,-185,-198,-84,-90,0,-169,-139,-125,-110,-83,-82,-456,-438,-430,-195,-200,0,-418,-415,-407,-390,-478,-475,-442,-274,-503,-503,-496,-493,-483,-483,-440,-418,-536,-437,-523,-239,-583,-572,-5668,-10400,-7011,-6645,-6829,-6333,-5816,-6302,-5791,-1847,-5716,-5695,-5285,-5067,-2432,-1738,-1490,-1371,-12838,-12838,-12839,-12838,-12840,-12839,-12851,-12851,-29972,-29973,-29973,-29974,-29974,-29975,-29975,-29976,-29978,-29978,-29978,-29979,-29980,-29981,-29982,-29983]} 1. e4 e5 2. Nf3 Nc6 3. d4 exd4 4. Nxd4 Bb4+ 5. c3 Bc5 6. Nxc6 bxc6 7. Bd3 {C45: Scotch Game} d6 (7... Qh4 8. Qe2 Nf6 9. h3 d6 10. g3 Qh5 11. Qxh5 Nxh5 12. Nd2 a5 13. Nb3 Bb6 14. Nd4 Bd7 {0-1 (54) Ni,H (2670)-Alekseev,E (2662) Saratov 2011}) 8. O-O {LiveBook: 22 Games} Qh4 (8... Nf6 $14) 9. Qf3 $146 (9. b4 $16 Bb6 10. Nd2) ({Predecessor:} 9. Qd2 h6 10. Qf4 Qxf4 11. Bxf4 Be6 12. Re1 Kd7 13. Nd2 g5 14. Be3 Bxe3 15. Rxe3 Ne7 16. c4 Rab8 17. b3 c5 18. e5 Nc6 {½-½ (18) Hrvacic,P (2283)-Sudar,B (2153) Zagreb 2011}) 9... Ne7 $11 10. Nd2 Bg4 11. Qg3 Qxg3 12. hxg3 Ng6 13. Nc4 Ne5 14. Nxe5 dxe5 15. b4 Bb6 16. Ba6 Bc8 17. Bxc8 Rxc8 18. Bb2 Rd8 19. Rfd1 Ke7 20. c4 {aiming for c5.} Bd4 21. Bxd4 $1 Rxd4 22. Rxd4 exd4 {[%mdl 4096] Endgame KR-KR} 23. Rd1 (23. Kf1 $11) 23... Rb8 $15 24. Rxd4 (24. a3 $15) 24... Rxb4 $17 25. f3 Rb1+ 26. Kh2 Rb2 27. c5 Rxa2 28. g4 g5 29. Rb4 a5 30. Rb7 Kd7 31. Rb8 Rc2 32. Rf8 Ke6 (32... Rxc5 $19 {And now ...a4 would win.} 33. Rxf7+ Kd6) 33. Re8+ Kd7 (33... Kf6 $1 $17 34. Ra8 Rxc5) 34. Rf8 $1 $19 Ke7 35. Rc8 Rxc5 36. Rxc7+ Ke6 37. g3 $2 {[%mdl 8192]} (37. Kg3 $17) 37... Rc2+ 38. Kh3 Rc3 (38... a4 $142 {Strongly threatening ...a3.} 39. Ra7 Ra2) 39. Kg2 Rc2+ $2 (39... a4 $1 40. Kf2 a3) 40. Kh3 $1 a4 41. Ra7 Rc4 42. Kg2 h6 43. Kf2 Rc2+ 44. Ke3 $2 (44. Kf1 {was the only chance.} Ra2 45. Ra6) 44... Rc3+ 45. Kf2 a3 46. f4 f6 47. Ra5 Kd6 48. f5 Rb3 49. Kg2 Kc7 (49... c5 $142 50. Ra4 Ke5) 50. e5 $2 {[#]} (50. Ra7+ Kd6 51. Ra6) 50... fxe5 $1 51. Rxe5 Rb5 52. Re7+ {[#]} Kb6 $1 53. Re1 a2 {...Rb2+ is the strong threat.} 54. Ra1 Rb2+ 55. Kf3 Kc7 56. Ke4 Kd6 57. Rd1+ Ke7 58. Ra1 Kf6 59. Kd4 Rb4+ 60. Kc5 Rxg4 61. Rxa2 Kxf5 62. Rh2 Rxg3 63. Rxh6 Rd3 64. Kxc6 g4 {[%cal Bg5g4,Bg4g3][%mdl 32] Black mates.} 65. Kc5 g3 66. Rh8 Kg4 67. Rg8+ Kf3 68. Rf8+ Ke2 69. Kc4 Rf3 70. Rg8 Kf2 71. Kd4 g2 {Precision: White = 38%, Black = 62%.} 0-1

[Event "American Continental-ch 2018"]
[Site "Montevideo"]
[Date "2018.06.09"]
[Round "10"]
[White "Markzon, Gregory"]
[Black "Santarius, Erik"]
[Result "0-1"]
[WhiteElo "2144"]
[BlackElo "2387"]
[Annotator "TA"]
[PlyCount "94"]
[EventDate "2018.??.??"]
[EventType "swiss"]
[EventCountry "URU"]
[SourceTitle "playchess.com"]
[Source "ChessBase"]
[SourceQuality "1"]

{[%evp 18,94,0,-3,0,4,22,0,0,0,0,0,0,-17,0,-26,0,0,0,0,50,60,54,49,52,56,54,37,37,17,21,22,161,33,39,28,41,42,50,18,25,-5,-5,-5,-8,-54,-51,-57,-49,-47,-61,-63,-37,-119,-110,-257,-257,-257,-252,-464,-460,-452,-457,-458,-443,-422,-418,-411,-389,-519,-484,-465,-443,-6195,-5477,-12833,-7670,-6187,-5174]} 1. d4 d5 2. c4 e6 3. Nc3 Nf6 4. Nf3 a6 5. cxd5 exd5 6. g3 Be7 7. Bg2 O-O 8. O-O c6 9. Bf4 Nbd7 10. Qc2 Nb6 {E08: Closed Catalan: Main Line: 7 Qc2} 11. Rad1 $146 ({Predecessor:} 11. Ne5 Nh5 12. Bd2 f6 13. Nd3 Nc4 14. Rad1 Nxd2 15. Qxd2 f5 16. f4 {½-½ (16) Adamski,J (2435)-Hawelko,M (2455) Slupsk 1989}) 11... g6 12. Rfe1 Bf5 {The position is equal.} 13. Qb3 a5 {[#] aiming for ...a4.} 14. a4 Bb4 15. Ne5 Nfd7 16. Bh6 Re8 17. e4 Be6 {...Nxe5 is the strong threat.} 18. exd5 cxd5 19. Nd3 Bxc3 $1 20. Qxc3 Qf6 {And now ...g5 would win.} 21. h4 Nxa4 22. Qb3 Qxd4 23. Nf4 Nac5 24. Qa3 Qc4 (24... Qb4 $1 $11) 25. Nxd5 (25. b3 $1 $18 {[%cal Rb3c4]} Nxb3 26. Nxd5) 25... Bxd5 $14 26. Rxe8+ Rxe8 27. Bxd5 Qe2 28. Bf3 {[%mdl 1024] White has compensation.} Qc2 29. Rc1 Qf5 {Threatens to win with ...Nd3.} 30. Qc3 $132 {[%csl Gh6][%cal Rc3g7][%mdl 2048] White has counterplay} Ne5 31. Bg2 Ne4 32. Qd4 Qxf2+ 33. Qxf2 Nxf2 34. Bxb7 Nfg4 35. Bf4 ({White should try} 35. Bg5 $15) 35... Nd3 $17 36. Rc8 (36. Rc7 $17 {might work better.}) 36... Rxc8 $19 37. Bxc8 Nxf4 38. Bxg4 $2 {[%mdl 4096] Endgame KB-KN} (38. gxf4 {only move.} Ne3 39. Ba6) 38... Nd3 39. b3 Nc5 40. Bd1 Kg7 41. Kf2 Kf6 42. Ke3 {[#]} Ke5 $1 43. h5 g5 {[%cal Bg6g5,Bg5g4][%mdl 32] Black is clearly winning.} 44. h6 f5 45. Bc2 (45. g4 $142 f4+ 46. Kf2) 45... g4 46. Kf2 Ne4+ 47. Kg2 Kd4 {Precision: White = 30%, Black = 61%.} 0-1

[Event "American Continental-ch 2018"]
[Site "Montevideo"]
[Date "2018.06.09"]
[Round "10"]
[White "Lopez Falcon, Jorge"]
[Black "Lujan, Carolina"]
[Result "0-1"]
[WhiteElo "2120"]
[BlackElo "2341"]
[Annotator "TA"]
[PlyCount "63"]
[EventDate "2018.??.??"]
[EventType "swiss"]
[EventCountry "URU"]
[SourceTitle "playchess.com"]
[Source "ChessBase"]
[SourceQuality "1"]

{[%evp 20,63,45,0,37,39,62,59,69,2,13,2,2,3,53,0,0,-10,-9,-16,-28,-29,-26,-88,-83,-164,-115,-111,-111,-116,-104,-97,-71,-284,-100,-101,300,-93,-70,-210,-210,-284,-204,-284,-284,-405]} 1. d4 Nf6 2. c4 g6 3. Nc3 d5 4. cxd5 Nxd5 5. e4 Nxc3 6. bxc3 Bg7 7. Bc4 c5 8. Ne2 O-O 9. O-O Nc6 10. Be3 Bd7 11. dxc5 {LiveBook: 4 Games. D87: Exchange Grünfeld: Classical Line: Variations without ...cxd4} (11. Rb1 Qc7 12. Qd2 Rad8 13. Rfc1 Bc8 14. Nf4 e6 15. Bb5 a6 16. Bxc6 bxc6 17. Ne2 e5 18. d5 cxd5 19. exd5 {1-0 (40) Korobov,A (2689)-Georgiev,K (2621) Novi Sad 2016}) 11... Qc7 (11... Ne5 $5 {[%cal Re5c4]} 12. Bd5 Bb5 $11) 12. Nd4 Ne5 $146 ({Predecessor:} 12... Na5 13. Be2 Rfd8 14. Qb1 Rac8 15. Qb4 Nc6 16. Qa3 h5 17. Rab1 h4 18. h3 Be5 19. f4 Bg7 20. f5 g5 21. Qc1 {1-0 (21) Li (1800)-Calvello,S (1655) FICGS email 2010}) 13. Be2 $1 {White is slightly better.} Bc6 14. f3 (14. Nxc6 $14 Qxc6 15. Rb1) 14... Nd7 $11 15. Nxc6 Qxc6 16. Qd5 Rac8 17. Rab1 (17. Qxc6 $14 Rxc6 18. Bb5) 17... Nxc5 18. Qxc6 Rxc6 19. Bb5 Rc7 20. Bd4 a6 $36 {[%cal Ba7a6,Ba6a5,Ba5a4][%mdl 2080] Black has good play.} 21. Bc4 (21. Be2 $11) 21... Na4 $17 22. Bd5 (22. Bb3 $17 Nxc3 23. Bxc3 Bxc3 24. g3) 22... b5 23. Bb3 Nxc3 24. Bxc3 Bxc3 25. Rfd1 a5 26. g3 $2 {[#]} (26. Rd5 $17) 26... Ra7 $2 (26... a4 $1 $19 {is more deadly.} 27. Bc2 {[#]} Bd4+ $1 {[%mdl 512]} 28. Rxd4 Rxc2) 27. Rd3 Rfa8 $2 {[%mdl 8192]} (27... Rc8 $17 {and life is bright. Hoping for ...a4.} 28. Kg2 a4) 28. Rbd1 $2 (28. Rxc3 $18 {Rc5 is the strong threat.} Rd7 29. f4) 28... a4 29. Rd8+ ({Better is} 29. Rxc3 $15 axb3 30. axb3) 29... Rxd8 $19 30. Rxd8+ Kg7 31. Bd1 b4 32. Rd3 {Precision: White = 20%, Black = 41%.} (32. Bc2 $142) 0-1

[Event "American Continental-ch 2018"]
[Site "Montevideo"]
[Date "2018.06.10"]
[Round "11"]
[White "Shankland, Samuel"]
[Black "Sosa, Tomas"]
[Result "1-0"]
[WhiteElo "2717"]
[BlackElo "2453"]
[Annotator "TA"]
[PlyCount "66"]
[EventDate "2018.??.??"]
[EventType "swiss"]
[EventCountry "URU"]
[SourceTitle "playchess.com"]
[Source "ChessBase"]
[SourceQuality "1"]

{[%evp 10,66,33,10,46,39,54,44,43,36,43,40,38,32,29,33,39,27,39,42,69,65,64,34,56,48,111,117,120,124,104,99,335,334,314,0,335,330,299,324,335,333,748,726,2313,1070,2249,2227,29985,29986,29986,29987,29987,29988,29988,29989,29989,29990,29991]} 1. d4 d5 2. c4 e6 3. Nf3 Nf6 4. Nc3 Bb4 5. Qb3 a5 (5... c5 6. dxc5 Qa5 7. Bd2 dxc4 8. Qxc4 Qxc5 9. Qxc5 Bxc5 10. Rc1 O-O 11. e3 Nc6 12. Be2 Bd7 13. O-O Rfd8 14. Rfd1 {½-½ (41) Wang,H (2709)-Mamedyarov,S (2799) Huaian 2017}) 6. a3 {LiveBook: 3 Partien. D38: Damengambit (Ragosin-Verteidigung)} Be7 7. Bf4 O-O $146 ({Vorgänger:} 7... c6 8. e3 a4 9. Qc2 Qa5 10. Bxb8 Rxb8 11. Qxa4 Qc7 12. Be2 dxc4 13. Qxc4 {1-0 (36) Bacrot,E (2696)-Lazarev,V (2362) Balagna 2017}) 8. e3 {Weiß steht etwas besser.} b6 9. Rc1 Bb7 10. cxd5 Nxd5 11. Nxd5 Bxd5 12. Bc4 Bxf3 13. gxf3 Bd6 {Weiss muss nun ...Lxf4 beachten.} 14. Bg3 Nd7 15. Bb5 Nf6 16. Ke2 Nh5 17. Rc6 Nxg3+ ({Günstiger ist} 17... g6 $14) 18. hxg3 $16 ({Bitte nicht} 18. fxg3 $6 e5 $11) 18... e5 19. dxe5 Bxe5 20. Bd3 g6 $2 {[#]} (20... h6 $16) 21. Bxg6 $1 $18 {[%mdl 512]} hxg6 22. Rxg6+ $40 {[%mdl 128] Weiss hat einigen Angriff.} Bg7 23. Rh4 $1 {[%cal Rh4g4] Droht Thg4 und aus.} a4 24. Qa2 Qd7 {[#] ...Tfd8 ist eine echte Drohung.} 25. Rhg4 $1 Qb5+ $2 (25... Rad8 26. Rxg7+ Kh8 27. Rh7+ Kxh7 28. Qb1+ {[#]} Qd3+ $1 {[%mdl 512]} 29. Qxd3+ Rxd3 30. Kxd3 b5) 26. Ke1 {[%cal Be2e1,Be1d1,Bd1d2,Bd2d3][%mdl 32]} Rad8 27. Rxg7+ Kh8 28. R7g5 {[%cal Rg4h4]} Rd1+ 29. Kxd1 {[%cal Rg4h4] Weiß setzt Matt.} Qf1+ 30. Kd2 {[%cal Rg5h5]} Rd8+ 31. Rd5 Qxf2+ 32. Kd3 $1 Qf1+ 33. Ke4 {[%cal Rd5h5]} f5+ {Precision: Weiß = 73%, Schwarz = 36%.} 1-0

[Event "American Continental-ch 2018"]
[Site "Montevideo"]
[Date "2018.06.10"]
[Round "11"]
[White "Cori, Jorge"]
[Black "Hungaski, Robert"]
[Result "*"]
[WhiteElo "2659"]
[BlackElo "2510"]
[Annotator "TA"]
[PlyCount "45"]
[EventDate "2018.??.??"]
[EventType "swiss"]
[EventCountry "URU"]
[SourceTitle "playchess.com"]
[Source "ChessBase"]
[SourceQuality "1"]

{[%evp 23,27,0,0,0,-6,-12]} 1. d4 d5 2. c4 dxc4 3. e3 e5 4. Bxc4 exd4 5. exd4 Bd6 6. Nf3 Nf6 7. O-O O-O 8. Nc3 Nc6 9. h3 h6 10. a3 Bf5 11. Re1 a6 {D20: Queen's Gambit Accepted: 3 e3 and 3 e4} 12. Be3 Qd7 {LiveBook: 7 Games} 13. d5 Ne5 14. Bf1 {[#]} {Predecessor:} Rfe8 $146 15. Bd4 Nxf3+ 16. Qxf3 Rxe1 17. Rxe1 Re8 18. Re3 Rxe3 19. fxe3 Bg6 20. Bxf6 gxf6 21. Qxf6 Qe8 22. Qd4 Qe7 23. Nd1 {½-½ (23) Timman,J (2635)-Morozevich,A (2575) Moscow 1994} *